000 00665nam a22002177a 4500
003 UA-OsUOA
001 118642
007 ta
008 20160912b un ||||| |||| 00| 0 ukr d
100 _aЄщенко П.С.
090 _a330(477)
_bЕ99
942 _cSA
040 _aUA-OsUOA
_bukr
_cUA-OsUOA
_dUA-OsUOA
245 _aДо інновацій та стратегічних пріоритетів шляхом об'єднання "невидимої" та "видимої" руки
300 _aС.3-17
955 _a0
041 _aukr
080 _a330(477)
773 0 _w118641
650 7 _a330 Економіка взагалі
_2UDC
999 _c404726
_d404726